1731 1425 1598 1341 1269 1748 1983 1190 1494 1608 1582 1952 1627 1352 1584 1808 1274 1448 1003 1777 1781 1695 1146 1981 1520 1423 1194 1830 1883 1264 1600 1782 1305 1747 1019 1581 1046 1562 1161 1835 1132 1784 1632 1147 1795 1981 1484 1268 1993 1097 1538 1813 1955 1779 1918 1798 1871 1376 1194 1017 1936 1383 1761 1209 1667 1766 1986 1790 1954 1055 1181 1922 1434 1554 1822 1616 1569 1177 1650 1083 1693 1521 1428 1618 1880 1252 1527 1112 1472 1588 1238 1051 1202 1138 1616 1168 1071 1988 1000 BCNSPRNW ULIB Ver.6.0+V

เปลี่ยนเป็นภาษาไทย

Change to English
 แสดงรายละเอียดบรรณานุกรม
  กลับหน้าหลัก

Brief Record : Get Marc (ISO 2709) : E-mail record : QR code < ปิดหน้าต่าง
LEADER : 00000nam 2200000uu 4500
001    13399120345
003     ULIB
008    120918s2552||||th 000 0 tha d
020    ^a9789740325574
060 04 ^aWY157^bส839ก 2552
100 0  ^aสุภาวดี เครือโชติกุล
245 10 ^aการพยาบาลสูติศาสตร์ :^bภาวะแทรกซ้อนระหว่างตั้งครรภ์ =Nursing obstetrics complication during pregnancy /^cสุภาวดี เครือโชติกุล
246 31 ^aNursing obstetrics complication during pregnancy
250    ^aพิมพ์ครั้งที่ 2
260    ^aกรุงเทพฯ :^bสำนักพิมพ์แห่งจุฬาลงกรณ์มหาวิทยาลัย,^c2552
300    ^a195 หน้า :^bภาพประกอบ ;^c26 ซม.
650  7 ^aการคลอด
650  7 ^aการพยาบาลสูติศาสตร์
650  7 ^aครรภ์
650  7 ^aภาวะแทรกซ้อนขณะตั้งครรภ์
945    ^p170^l0^i17134
945    ^p170^l0^i17135
945    ^p170^l0^i17136
995    ^aวิภา
999 ^a ใช้งานได้ทุกระบบ
รายการนี้ยังไม่มีแท็ก
คุณยังไม่ได้ล็อกอิน คุณสามารถมีกิจกรรมร่วมกับเว็บไซต์ได้ แต่ต้องล็อกอินก่อน ::
  ล็อกอิน

รายการสื่อสารสนเทศ

ลำดับที่ ประเภท เลขเรียก/บาร์โค้ด สถานที่ สถานะ
1. วิทยาศาสตร์การแพทย์ และสุขภาพ
วิทยาศาสตร์การแพทย์ และสุขภาพ
สถานะ=หนังสือเก่า
WY157 ส839ก 2552 ฉ.2 
  Barcode: 17135
ห้องสมุดวิทยาเขตนครสวรรค์
►ส่วนจัดเก็บหนังสือเก่า นว.
บนชั้น
  ขอยืม

รายการใกล้เคียง
    ผู้แต่ง [สุภาวดี เครือโชติกุล]

    หัวเรื่อง [การคลอด]
    หัวเรื่อง [การพยาบาลสูติศาสตร์]
    หัวเรื่อง [ครรภ์]
    หัวเรื่อง [ภาวะแทรกซ้อนขณะตั้งครรภ์]

BibComment


ยังไม่เคยถูกคอมเมนท์

คอมเมนท์ทรัพยากรรายการนี้
  คอมเมนท์: การพยาบาลสูติศาส..


 Copyright 2026. Bcnsprnw @Library